000 00371nam a2200145Ia 4500
008 240624s9999 xx 000 0 und d
041 _aeng
082 _a395.5 MOR
100 _aMORRISON TERRI
245 _aKISS BOW OR SHAKE HANDS THE BESTSELLING
250 _a(2nd ed.)
260 _c2006
_aNew York
_bAdams Media
300 _axiii, 593 p.; 23 cm.
365 _c
_b33
999 _c32298
_d32298